Tratado de procedimientos generales de construcción: maquinaria general en obras y movimientos de tierra
Wedi'i Gadw mewn:
| Prif Awdur: | |
|---|---|
| Fformat: | Llyfr |
| Iaith: | Sbaeneg |
| Cyhoeddwyd: |
Barcelona
Reverté
1977
|
| Pynciau: | |
| Tagiau: |
Ychwanegu Tag
Dim Tagiau, Byddwch y cyntaf i dagio'r cofnod hwn!
|
MARC
| LEADER | 00000nam a2200000 a 4500 | ||
|---|---|---|---|
| 001 | UCH9087 | ||
| 003 | CL-VaPUC | ||
| 008 | 091224e19770000SP |||||||||||||||||spa|d | ||
| 020 | |a 8429120319v.1 | ||
| 082 | 0 | 4 | |a 681.76 |b GAL |2 21 |
| 100 | |a Galabru, Paul |e author |9 545961 | ||
| 245 | 1 | 0 | |a Tratado de procedimientos generales de construcción: maquinaria general en obras y movimientos de tierra |
| 300 | |a v | ||
| 942 | |c BK | ||
| 945 | |d 20091224 00:00:00 |a rbrito | ||
| 260 | |a Barcelona |b Reverté |c 1977 | ||
| 650 | 7 | |a MAQUINARIA DE CONSTRUCCION |2 CL-VaPUC |9 364112 | |
| 650 | 7 | |a MOVIMIENTO DE TIERRA |2 CL-VaPUC |9 419267 | |
| 650 | 7 | |a PERFORACIONES |2 CL-VaPUC |9 545962 | |
| 650 | 7 | |a TRANSPORTADORES |2 CL-VaPUC |9 363864 | |
| 650 | 7 | |a GRUAS |2 CL-VaPUC |9 267275 | |
| 650 | 0 | |a Muros de contención |9 262537 | |
| 650 | 7 | |a PALAS MECANICAS |2 CL-VaPUC |9 365878 | |
| 650 | 7 | |a MOTONIVELADORAS |2 CL-VaPUC |9 545963 | |
| 650 | 7 | |a EXCAVACIONES |2 CL-VaPUC |9 262499 | |
| 583 | |a last modification |c 20091224 00:00:00 |k Rodrigo Vera | ||
| 999 | |c 339151 |d 339149 | ||
| 952 | |0 0 |1 0 |4 0 |6 681_760000000000000_GAL_1977 |7 0 |8 A |9 432623 |a BIBING |b BIBING |d 2019-11-22 |i 4628306 |o 681.76 GAL 1977 |p 4628306 |r 2025-01-20 |w 2019-11-22 |y BK |k CCL | ||